Plan de mejoramiento del proceso productivo de la planta Aguardiente Musún
La licorera “Aguardiente Musún”, se encuentra ubicada en el municipio de Nindirí perteneciente al departamento de Masaya, y se dedica a la elaboración de un licor fino transparente; éste proceso se ha venido trabajando, a través de los años, de manera artesanal.
| Main Authors: | , |
|---|---|
| Other Authors: | |
| Format: | Tesis Section = Libro |
| Language: | Undetermined Spanish |
| Published: |
Managua
UNI
2019
|
| Subjects: |
| LEADER | 01200nam a2200289Ia 4500 | ||
|---|---|---|---|
| 008 | 240830s9999 xx 000 0 und d | ||
| 040 | |a BIBLIOTECA-RUPAP Mon 658.503 D352 | ||
| 041 | |a spa | ||
| 082 | |a Mon 658.503 D352 | ||
| 100 | 1 | |a Delgado Menocal, Vanessa René | |
| 100 | 1 | |b Villagra Mejia, Alejando José | |
| 245 | 1 | 0 | |a Plan de mejoramiento del proceso productivo de la planta Aguardiente Musún |
| 260 | |a Managua |b UNI |c 2019 | ||
| 300 | |a 95 p. :il. | ||
| 500 | |a Contiene: anexos y CD | ||
| 502 | |a Tesis (Ingeniero Industrial)- UNI, 2019. | ||
| 520 | 3 | |a La licorera “Aguardiente Musún”, se encuentra ubicada en el municipio de Nindirí perteneciente al departamento de Masaya, y se dedica a la elaboración de un licor fino transparente; éste proceso se ha venido trabajando, a través de los años, de manera artesanal. | |
| 650 | 7 | |a PROCESOS DE MANUFACTURA | |
| 650 | 7 | |b PRODUCTIBILIDAD DEL TRABAJO | |
| 650 | 7 | |c ANALISIS DE LA PRODUCTIBIDAD | |
| 650 | 7 | |d LICOR- PRODUCCION | |
| 650 | 7 | |e ESTADOS DE PROCESOS | |
| 650 | 7 | |f PLANTA AGUARDIENTE MUSUN- INDUSTRIA Y COMERCIO | |
| 700 | 1 | |a Tutor: |b Boza, Freddy Fernando | |
| 942 | |c BK |2 ddc | ||
| 991 | |a TESIS | ||
| 999 | |c 17463 | ||